000 00478nam a2200169 a 4500
005 20140412111237.0
008 050516s19uu xx 00 eng d
020 _a0-8136-2855-5
050 _aM 613
_bJ71 1992
100 _aJones, Anne G.
245 _aYour ears /
_cwritten by Anne G. Jones.
260 _aCleveland, Ohio :
_bModern Curriculum Press,
_c1992.
300 _a16 p. ; ill.
440 _aConcept Health
650 _aEars
_xJuvenile literature
999 _c102500
_d102500